Evaluación de proyectos (Registro nro. 29852)

Detalles MARC
000 -CABECERA
Longitud fija campo de control 00537nam a22001937a 4500
003 - IDENTIFICADOR DELl NÚMERO DE CONTROL
Identificador del número de control OSt
005 - FECHA Y HORA DE LA ÚLTIMA TRANSACCIÓN
Fecha y hora de la última transacción 20181205154843.0
008 - CÓDIGOS DE INFORMACIÓN DE LONGITUD FIJA
Códigos de información de longitud fija 131029b2016 mex spa
020 ## - NÚMERO INTERNACIONAL NORMALIZADO PARA LIBROS
Número Internacional Normalizado para Libros (ISBN) 978-607-15-1374-8
040 ## - FUENTE DE LA CATALOGACIÓN
Centro transcriptor BMC
082 ## - NÚMERO DE LA CLASIFICACIÓN DECIMAL DEWEY
Númeroo de clasificación 658.152
100 1# - PUNTO DE ACCESO PRINCIPAL-NOMBRE DE PERSONA
9 (RLIN) 6165
Nombre de persona Baca Urbina, Gabriel
245 10 - MENCIÓN DE TÍTULO
Título Evaluación de proyectos
Mención de responsabilidad, etc. Gabriel Baca Urbina
250 ## - MENCIÓN DE EDICIÓN
Mención de edición 8ª ed
260 ## - PUBLICACIÓN, DISTRIBUCIÓN, ETC. (PIE DE IMPRENTA)
Lugar de publicación, distribución, etc. México, D.F. [etc.]
Nombre del editor, distribuidor, etc. McGraw-Hill
Fecha de publicación, distribución, etc. cop. 2016
300 ## - DESCRIPCIÓN FÍSICA
Extensión X, 417 p.
Otras características físicas il., gráf.
Dimensiones 27 cm
650 24 - PUNTO DE ACCESO ADICIONAL DE MATERIA - TÉRMINO DE MATERIA
9 (RLIN) 6014
Término de materia o nombre geográfico como elemento inicial Evaluación de proyectos
942 ## - ENTRADA DE ELEMENTOS AGREGADOS (KOHA)
Fuente de clasificaión o esquema Dewey Decimal Classification
Koha [por defecto] tipo de item 1- Monografias
Existencias
Suprimido Perdido Fuente de clasificación o esquema Estropeado Restricciones de uso No para préstamo Código de colección Localización permanente Localización actual Localización en estanter&íacute;as Fecha adquisición Fuente de adquisición Número de inventario Préstamos totales Renovaciones totales Signatura completa Código de barras Fecha última consulta Fecha último préstamo Coste, precio reemplazado Fecha del precio de reemplazo Tipo de item de Koha
NULL NULL Dewey Decimal Classification NULL Prestable NULL NULL Biblioteca Miguel de Cervantes - UNICAES Biblioteca Miguel de Cervantes - UNICAES Sala Principal 26/11/2018 Donación - Facultad de Ciencias Empresariales 034178 5 1 658.152 BAC eva 1044944 08/06/2024 10/02/2024 43.00 30/11/2018 1- Monografias
NULL NULL Dewey Decimal Classification NULL Prestable NULL NULL Biblioteca Miguel de Cervantes - UNICAES Biblioteca Miguel de Cervantes - UNICAES Sala Principal 26/11/2018 Donación - Facultad de Ciencias Empresariales 034179 5   658.152 BAC eva 1044945 04/04/2022 01/04/2022 43.00 30/11/2018 1- Monografias
NULL NULL Dewey Decimal Classification NULL Prestable NULL NULL Biblioteca Miguel de Cervantes - UNICAES Biblioteca Miguel de Cervantes - UNICAES Sala Principal 26/11/2018 Donación - Facultad de Ciencias Empresariales 034180 5 2 658.152 BAC eva 1044946 04/04/2022 01/04/2022 43.00 30/11/2018 1- Monografias
NULL NULL Dewey Decimal Classification NULL Prestable NULL NULL Biblioteca Miguel de Cervantes - UNICAES Biblioteca Miguel de Cervantes - UNICAES Sala Principal 13/01/2020 Donación - Facultad de Ciencias Empresariales 034783     658.152 BAC eva 1046829 26/11/2020   55.00 26/11/2020 1- Monografias
NULL NULL Dewey Decimal Classification NULL Prestable NULL NULL Biblioteca Miguel de Cervantes - UNICAES Biblioteca Miguel de Cervantes - UNICAES Sala Principal 13/01/2020 Donación - Facultad de Ciencias Empresariales 034782     658.152 BAC eva 1046828 26/11/2020   55.00 26/11/2020 1- Monografias
NULL NULL Dewey Decimal Classification NULL Prestable NULL NULL Biblioteca Miguel de Cervantes - UNICAES Biblioteca Miguel de Cervantes - UNICAES Sala Principal 13/01/2020 Donación - Facultad de Ciencias Empresariales 034784 4 2 658.152 BAC eva 1046830 31/03/2025 27/03/2025 55.00 26/11/2020 1- Monografias